LEADER 01058nam0-22003491i-450- 001 990005352740403321 005 20140207153725.0 035 $a000535274 035 $aFED01000535274 035 $a(Aleph)000535274FED01 035 $a000535274 100 $a19990604d1910----km-y0itay50------ba 101 0 $agrc 102 $aDE 105 $ay-------001cy 200 1 $aEuthyphro, Apologia Socratis, Crito, Phaedo$fPlatonis$gpost Carolum Fridericum Hermannum; recognovit Martinus Wohlrab 205 $aEditio stereotypa 210 $aLipsia$cB. G. Teubner$d1910 215 $a174 p.$d17 cm 610 0 $aPlatone$aDialoghi 676 $a880 676 $a184 700 1$aPlato$f<427-347 a. C.>$0292329 702 1$aWohlrab,$bMartin$f<1884-1913> 702 1$aHermann,$bKarl Friedrich 801 0$aIT$bUNINA$gRICA$2UNIMARC 901 $aBK 912 $a990005352740403321 952 $aP2B-600-TEUB-PLATO-408A-1910$bIst.Archeol. 13950$fFLFBC 959 $aFLFBC 996 $aEuthyphro, Apologia Socratis, Crito, Phaedo$9599159 997 $aUNINA LEADER 01068nam a22002651i 4500 001 991003856179707536 005 20040730174659.0 008 040802s1992 it |||||||||||||||||ita 035 $ab13138194-39ule_inst 035 $aARCHE-109080$9ExL 040 $aBiblioteca Interfacoltà$bita$cA.t.i. Arché s.c.r.l. Pandora Sicilia s.r.l. 082 04$a501 245 00$aAlle origini della nuova epistemologia :$bil Congres Descartes del 1937 /$ccon testi di F. Enriques ... [et al.] ; [a cura di] Mario Castellana 260 $aLecce :$bIl Protagora,$cstampa 1992 300 $a171 p. ;$c24 cm 650 4$aFilosofia della scienza 650 4$aEpistemologia 700 1 $aEnriques, Federigo 700 1 $aCastellana, Mario 907 $a.b13138194$b02-04-14$c05-08-04 912 $a991003856179707536 945 $aLE002 SP 100 S.IV/017-018$g1$i2002000357038$lle002$nC. 1$o-$pE0.00$q-$rl$so $t0$u0$v0$w0$x0$y.i13775091$z05-08-04 996 $aAlle origini della nuova epistemologia$9309706 997 $aUNISALENTO 998 $ale002$b05-08-04$cm$da $e-$fita$git $h0$i1 LEADER 02200oam 2200493M 450 001 9910716254103321 005 20200213070508.6 035 $a(CKB)5470000002519584 035 $a(OCoLC)1065778579 035 $a(OCoLC)995470000002519584 035 $a(EXLCZ)995470000002519584 100 $a20071213d1926 ua 0 101 0 $aeng 135 $aurcn||||||||| 181 $ctxt$2rdacontent 182 $cc$2rdamedia 183 $acr$2rdacarrier 200 10$aSurplus farm products. Letter from the Secretary of Agriculture to Senator Simeon D. Fess, submitting information and charts on the handling of surplus farm products and a cooperative plan thereon. Presented by Mr. Fess. June 15, 1926. -- Ordered to be printed with illustrations 210 1$a[Washington, D.C.] :$c[U.S. Government Printing Office],$d1926. 215 $a1 online resource (20 pages) $cillustrations, tables 225 1 $aSenate document / 69th Congress, 1st session. Senate ;$vno. 125 225 1 $a[United States congressional serial set ] ;$v[serial no. 8558] 300 $aBatch processed record: Metadata reviewed, not verified. Some fields updated by batch processes. 300 $aFDLP item number not assigned. 606 $aAgriculture$xEconomic aspects 606 $aCooperative societies 606 $aMarketing 606 $aSurplus agricultural commodities 608 $aLegislative materials.$2lcgft 615 0$aAgriculture$xEconomic aspects. 615 0$aCooperative societies. 615 0$aMarketing. 615 0$aSurplus agricultural commodities. 701 $aFess$b Simeon D$g(Simeon Davidson),$f1861-1936$pRepublican (OH)$01389400 712 02$aUnited States.$bDepartment of Agriculture. 801 0$bWYU 801 1$bWYU 801 2$bOCLCO 801 2$bOCLCQ 801 2$bOCLCA 906 $aBOOK 912 $a9910716254103321 996 $aSurplus farm products. Letter from the Secretary of Agriculture to Senator Simeon D. Fess, submitting information and charts on the handling of surplus farm products and a cooperative plan thereon. Presented by Mr. Fess. June 15, 1926. -- Ordered to be printed with illustrations$93524458 997 $aUNINA